000 00358 a2200169 4500
001 172100
020 _a978-85-260-1044-4
040 _cMagnum
100 _aRey, Marcos
240 1 0 _aDoze horas de terror
_lpor
245 1 0 _aDoze horas de terror
300 _a140
362 0 _a2006
440 1 _aGlobal
697 _aLITERATURA JUVENIL
942 _cBK
999 _c172100
_d172100